The Tokyo transit book

Đã lưu trong:
書目詳細資料
主要作者: Bassin, Garry
格式: 圖書
語言:Undetermined
出版: Japan The Japan Times 1983
主題:
標簽: 添加標簽
沒有標簽, 成為第一個標記此記錄!
Thư viện lưu trữ: Trung tâm Học liệu Trường Đại học Cần Thơ
LEADER 00524nam a2200205Ia 4500
001 CTU_99481
008 210402s9999 xx 000 0 und d
082 |a 385.09 
082 |b B321 
100 |a Bassin, Garry 
245 4 |a The Tokyo transit book 
245 0 |c Garry Bassin 
260 |a Japan 
260 |b The Japan Times 
260 |c 1983 
650 |a Railroads and state 
650 |z Japn 
904 |i Giang 
910 |a Sửa Cutter thành B321 
980 |a Trung tâm Học liệu Trường Đại học Cần Thơ